000 00289nam a22001337a 4500
008 170623b xxu||||| |||| 00| 0 eng d
020 _a9780312036553
041 _aeng
080 _22ND
_a32
100 _a21
101 _aSHP
245 _aSOVIET POLITICS
_cSMITH, G.B
942 _2udc
_cBK
999 _c19042
_d19042